Não é meia noite quem quer /

Guardado en:
Bibliografiske detaljer
Hovedforfatter: Antunes, António Lobo (autor)
Format: Bog
Sprog:portugisisk
Udgivet: Lisboa, Portugal : Dom Quixote, 2012, c2012
Udgivelse:4a edición
Serier:(António Lobo Antunes, Obra Completa. Edição Ne Varietur ; 28)
Fag:
Tags: Tilføj Tag
Ingen Tags, Vær først til at tagge denne postø!

MARC

LEADER 00000nam^a2200000^a^4500
001 000410551
005 20250521000000.0
009 20260310122050.739
020 |a 978-972-20-5094-4 
037 |a Acervo ITESO - Biblioteca 
041 |a POR 
082 |a 869.  |b LOB 
100 |a Antunes, António Lobo  |e (autor) 
240 1 1 |a [No es medianoche quien quiere] 
245 1 0 |a Não é meia noite quem quer /  |c A.L. Antunes ; rev. de António Bettencourt. 
250 |a 4a edición 
250 |a Edición definitiva 
264 4 |a Lisboa, Portugal :  |b Dom Quixote,  |c 2012, c2012 
300 |a 454 p. 
336 |a texto  |b txt  |2 rdacontenido 
337 |a sin mediación  |b n  |2 rdamedio 
338 |a volumen  |b nc  |2 rdasoporte 
440 1 |a (António Lobo Antunes, Obra Completa.  |p Edição Ne Varietur ;  |v 28) 
521 |a FIL 2018 DIA 
545 0 |a António Lobo Antunes (Lisboa, 1942), escritor que junto con José Saramago es el autor portugués más traducido. Médico de profesión con especialidad en psiquiatría, formó parte del ejército de su nación durante la guerra de Angola, experiencias todas presentes en su trabajo literario. En su obra, considerada una de las más originales y creativas de la literatura en lenguas romances, es muy importante el manejo del lenguaje, así como la exploración del interior del ser humano. Algunos de sus libros son: Memoria de elefante; La muerte de Carlos Gardel; Manual de inquisidores; Esplendor de Portugal; El tratado de las pasiones del alma; No entres tan deprisa en esa noche oscura; ¿Qué haré cuando todo arde?; Las naves; El orden natural de las cosas; Buenas tardes a las cosas de aquí abajo; Sonetos a Cristo. Entre otros, su labor literaria ha sido reconocida con los premios de Novela de la Asociación Portuguesa de Escritores (por Exhortación a los cocodrilos), Rosalía de Castro (PEN Club de Galicia), de Literatura Europea (Austria), de la Unión Latina de Escritores y FIL a la Literatura en Lenguas Romances (Feria Internacional de Libro de Guadalajara). 
586 |a Premio Camões 2007 
649 |a XX 
650 |a Mujeres en la Literatura 
650 |a Identidad Personal en la Literatura 
650 |a Memoria en la Literatura 
650 |a Relaciones Familiares en la Literatura 
910 |a Fondo General 
920 |a Impresos - Libros 
930 |a Colección General 
940 |a Literatura 
905 |a 101 
901 |a 0500311398  |b IT1  |c LIT  |i C164173  |u 20250521 
902 |a https://opac.biblio.iteso.mx/vufind/Record/000410551